Mercado de trabajo y pobreza urbana en Costa Rica /
El objetivo de este trabajo es examinar las características de la pobreza urbana y sus vinculaciones con el mercado de trabajo. Busca releer la información disponible y aportar algunas nueva que permita esclarecer las relaciones existentes. La hipótesis planteada gira en torno a que las formas de in...
Đã lưu trong:
| Tác giả chính: | |
|---|---|
| Định dạng: | Texto |
| Những chủ đề: | |
| Các nhãn: |
Thêm thẻ
Không có thẻ, Là người đầu tiên thẻ bản ghi này!
|
MARC
| LEADER | 00000 a a2200000 04500 | ||
|---|---|---|---|
| 001 | 43646 | ||
| 003 | |||
| 040 | |||
| 100 | |a Trejos Solórzano, Juan Diego | ||
| 245 | |a Mercado de trabajo y pobreza urbana en Costa Rica / |c Juan Diego Trejos S. | ||
| 520 | |a El objetivo de este trabajo es examinar las características de la pobreza urbana y sus vinculaciones con el mercado de trabajo. Busca releer la información disponible y aportar algunas nueva que permita esclarecer las relaciones existentes. La hipótesis planteada gira en torno a que las formas de inserción en el mercado de trabajo urbano, si bien importantes, resultan insuficientes para comprender o explicar porqué una familia es o no pobre. Así la relación directa entre informalidad y pobreza urbana se torna más tenue. | ||
| 590 | |a RRA/OCTUBRE2012 | ||
| 650 | |a POBREZA | ||
| 650 | |a ZONAS URBANAS | ||
| 650 | |a MERCADO DE TRABAJO | ||
| 650 | |a INGRESO | ||
| 650 | |a 5COSTA RICA | ||
| 773 | |g páginas 329-371 : tablas | ||
| 999 | |c 19936 |d 19936 | ||
